000 00599aas a2200205 4500
999 _c2200
_d2200
003 BR-BrBNA
005 20230317233424.0
007 ta
008 230119b bl ||||| |||| 00| 0 por d
035 _a000485-5
040 _aBR-BrBNA
_bPor
_cBR-BrBNA
042 _a013681-6
044 _abl
245 _aBoletim - Serviço de Proteção aos Índios (Brazil)
260 _aRio de Janeiro-RJ
_bMinistério da Agricultura - Serviço de Proteção aos Índios
_c1941. Data final de publicação em 1945
_eBRJ
310 _amensal
505 _a1941-45 (1-47);
909 _a56
_bSergio Santos
_c56
_dSergio Santos
942 _cCR
_2AGRIS